[Event "LSS SC-2009-0-00042"]
[Site "LSS email"]
[Date "2009.09.25"]
[Round "?"]
[White "Nicolaescu, Nicolae"]
[Black "Pehl, Jozsef"]
[Result "1/2-1/2"]
[WhiteElo "1583"]
[BlackElo "1679"]
[PlyCount "70"]
[EventDate "2009.08.13"]
[EventType "tourn (corr)"]
[EventRounds "6"]
[EventCountry "GER"]
[SourceTitle "Corr 2013"]
[Source "ChessBase"]
[SourceDate "2012.11.12"]
[SourceVersion "1"]
[SourceVersionDate "2012.11.12"]
[SourceQuality "1"]
[WhiteTeam "US of America"]
[BlackTeam "US of America"]
[WhiteTeamCountry "USA"]
[BlackTeamCountry "USA"]

1. e4 c5 2. c3 Nf6 3. e5 Nd5 4. d4 cxd4 5. Nf3 d6 6. cxd4 Nc6 7. Bc4 Nb6 8. Bb5 dxe5 9. Nxe5 Bd7 10. Nxd7 Qxd7 11. Nc3 e6 12. 0-0 Be7 13. Qg4 0-0 14. Bxc6 Qxc6 15. Bh6 Bf6 16. Rfd1 Qd7 17. Ne4 Qe7 18. Rd3 Rfc8 19. Rad1 Rc2 20. Rg3 g6 21. Nxf6+ Qxf6 22. Rf3 Qe7 23. Qe4 Rxb2 24. Qe5 f5 25. d5 Nc4 26. Qxe6+ Qxe6 27. dxe6 Re2 28. Rc3 b5 29. a4 Rxe6 30. axb5 Nd6 31. Rc5 a6 32. bxa6 Ne8 33. g3 Raxa6 34. Rd7 Rad6 35. Ra7 Ra6 1/2-1/2

[Event "LSS SC-2009-0-00042"]
[Site "LSS email"]
[Date "2009.09.25"]
[Round "?"]
[White "Pehl, Jozsef"]
[Black "Ottenweller, Wolfgang"]
[Result "1/2-1/2"]
[WhiteElo "1625"]
[BlackElo "1733"]
[PlyCount "91"]
[EventDate "2009.08.13"]
[EventType "tourn (corr)"]
[EventRounds "6"]
[EventCountry "GER"]
[SourceTitle "Telechess CBM 137"]
[Source "ChessBase"]
[SourceDate "2010.07.15"]
[SourceVersion "1"]
[SourceVersionDate "2010.07.15"]
[SourceQuality "1"]

1. e4 c5 2. Nf3 Nc6 3. d4 cxd4 4. Nxd4 Nf6 5. Nc3 d6 6. Bg5 a6 7. Qd2 e6 8. 0-0-0 h6 9. Be3 Ng4 10. Nxc6 bxc6 11. Bc5 Be7 12. Bxd6 Qxd6 13. Qxd6 Bxd6 14. Rxd6 Nxf2 15. Rg1 Bb7 16. Be2 h5 17. h3 c5 18. Rb6 Bxe4 19. Kd2 Bxg2 20. Rxg2 Nxh3 21. Ne4 g5 22. Bxa6 g4 23. Ke3 f5 24. Nxc5 f4+ 25. Kd4 f3 26. Rxe6+ Kf7 27. Rd2 Rad8+ 28. Ke3 Rxd2 29. Kxd2 Rd8+ 30. Ke3 g3 31. Kxf3 Ng5+ 32. Kxg3 h4+ 33. Kxh4 Nxe6 34. Nxe6 Kxe6 35. Bd3 Kd5 36. b3 Kc5 37. a4 Rg8 38. a5 Kb4 39. a6 Rg7 40. Be4 Kb5 41. Bb7 Kb6 42. c4 Ka7 43. Kh5 Rg3 44. b4 Rc3 45. c5 Rc4 46. c6 1/2-1/2

[Event "LSS No Engine Cup 03 Preliminary 6"]
[Site "LSS email"]
[Date "2009.07.16"]
[Round "?"]
[White "Bearce, Harold L"]
[Black "Pehl, Jozsef"]
[Result "0-1"]
[WhiteElo "474"]
[BlackElo "1679"]
[PlyCount "21"]
[EventDate "2009.07.17"]
[EventType "tourn (corr)"]
[EventRounds "6"]
[EventCountry "GER"]
[SourceTitle "Corr 2015"]
[Source "ChessBase"]
[SourceDate "2015.07.17"]
[SourceVersion "1"]
[SourceVersionDate "2015.07.17"]
[SourceQuality "1"]

1. d4 d5 2. c4 c6 3. Nc3 Nf6 4. e3 e6 5. Nf3 Nbd7 6. c5 e5 7. dxe5 Ne4 8. Qc2 Ndxc5 9. Bd3 Bf5 10. 0-0 Nxd3 11. Qxd3 0-1

[Event "LSS SC-2009-0-00034"]
[Site "LSS email"]
[Date "2009.06.11"]
[Round "?"]
[White "Sadler, Kirk"]
[Black "Pehl, Jozsef"]
[Result "1/2-1/2"]
[WhiteElo "1635"]
[BlackElo "1608"]
[PlyCount "34"]
[EventDate "2009.05.01"]
[EventType "tourn (corr)"]
[EventRounds "6"]
[EventCountry "GER"]
[SourceTitle "Corr 2011"]
[Source "ChessBase"]
[SourceDate "2010.08.31"]
[SourceVersion "1"]
[SourceVersionDate "2010.08.31"]
[SourceQuality "1"]

1. e4 c6 2. d4 d5 3. e5 Bf5 4. Nf3 e6 5. Be2 c5 6. c3 Nd7 7. Be3 cxd4 8. cxd4 Qb6 9. b3 Rc8 10. 0-0 Ne7 11. Nbd2 Bc2 12. Qe1 Nf5 13. Rc1 Rc6 14. Bc4 Nxe3 15. Qxe3 Bg6 16. Bd3 Bxd3 17. Rxc6 Qxc6 1/2-1/2

[Event "LSS SC-2009-0-00031"]
[Site "LSS email"]
[Date "2009.05.05"]
[Round "?"]
[White "Pehl, Jozsef"]
[Black "Laine, Jari"]
[Result "1-0"]
[WhiteElo "1679"]
[BlackElo "1610"]
[PlyCount "87"]
[EventDate "2009.03.14"]
[EventType "tourn (corr)"]
[EventRounds "6"]
[EventCountry "GER"]
[SourceTitle "Corr 2013"]
[Source "ChessBase"]
[SourceDate "2012.11.12"]
[SourceVersion "1"]
[SourceVersionDate "2012.11.12"]
[SourceQuality "1"]
[WhiteTeam "US of America"]
[BlackTeam "US of America"]
[WhiteTeamCountry "USA"]
[BlackTeamCountry "USA"]

1. e4 b6 2. d4 Bb7 3. Bd3 e6 4. Nf3 c5 5. 0-0 cxd4 6. Nxd4 Nc6 7. Nf3 Nb4 8. Nc3 Nxd3 9. Qxd3 Nf6 10. e5 Nd5 11. Nxd5 Bxd5 12. c4 Bb7 13. Rd1 Qc7 14. Bf4 Be7 15. a3 Rd8 16. b3 Qc6 17. a4 a5 18. Ne1 f6 19. Qg3 0-0 20. Nf3 Qe4 21. Be3 Bc5 22. Bxc5 bxc5 23. Rd6 Bc6 24. Ne1 Qf5 25. Nd3 Rb8 26. Nxc5 fxe5 27. Rf1 Qf7 28. Qxe5 Rbc8 29. Qg3 Qe7 30. Re1 Rf5 31. Ne4 Rcf8 32. f3 Kh8 33. Red1 Kg8 34. Qe1 Rf4 35. Ng3 Qg5 36. Qe3 h5 37. Kh1 Qg6 38. Rf1 R8f7 39. Ne2 Rg4 40. Rg1 Rh4 41. Rgd1 Qf5 42. Rxc6 dxc6 43. Rd8+ Kh7 44. g3 1-0

[Event "LSS SC-2009-0-00031"]
[Site "LSS email"]
[Date "2009.05.04"]
[Round "?"]
[White "Erkens, Tjeerd"]
[Black "Pehl, Jozsef"]
[Result "0-1"]
[WhiteElo "1644"]
[BlackElo "1613"]
[PlyCount "58"]
[EventDate "2009.03.14"]
[EventType "tourn (corr)"]
[EventRounds "6"]
[EventCountry "GER"]
[SourceTitle "Telechess CBM 137"]
[Source "ChessBase"]
[SourceDate "2010.07.15"]
[SourceVersion "1"]
[SourceVersionDate "2010.07.15"]
[SourceQuality "1"]

1. c4 e5 2. Nc3 Nc6 3. Nf3 Nf6 4. g3 d5 5. cxd5 Nxd5 6. Bg2 Nxc3 7. bxc3 Bd6 8. 0-0 0-0 9. Rb1 Rb8 10. Qc2 h6 11. d3 Be6 12. c4 Qf6 13. Bb2 Rfd8 14. Nd2 Qe7 15. Ne4 Bb4 16. e3 a6 17. Nc3 Qc5 18. Rfc1 Qd6 19. Rd1 Bg4 20. f3 Bf5 21. Nd5 Bc5 22. Qe2 Ne7 23. Kh1 Nxd5 24. cxd5 Bg6 25. e4 c6 26. d4 exd4 27. Bxd4 cxd5 28. Bxc5 Qxc5 29. Rbc1 Qe7 0-1

[Event "LSS BI-2008-F-00012"]
[Site "LSS email"]
[Date "2009.03.02"]
[Round "?"]
[White "Lipsits, Sasha"]
[Black "Pehl, Jozsef"]
[Result "1/2-1/2"]
[WhiteElo "1414"]
[BlackElo "1614"]
[PlyCount "97"]
[EventDate "2009.03.03"]
[EventType "tourn (corr)"]
[EventRounds "10"]
[EventCountry "GER"]
[SourceTitle "Corr 2011"]
[Source "ChessBase"]
[SourceDate "2010.08.31"]
[SourceVersion "1"]
[SourceVersionDate "2010.08.31"]
[SourceQuality "1"]

1. e4 c5 2. Nf3 d6 3. Nc3 Nc6 4. Bc4 Nf6 5. 0-0 a6 6. d4 b5 7. Bd5 Nxd5 8. exd5 cxd4 9. Ne2 Nb4 10. Nexd4 Nxd5 11. Nc6 Qd7 12. Qxd5 Bb7 13. Nfe5 dxe5 14. Qxd7+ Kxd7 15. Nxe5+ Ke8 16. Rd1 f6 17. Nd3 e5 18. Be3 Rd8 19. Nc5 Bxc5 20. Rxd8+ Kxd8 21. Bxc5 Kc8 22. Rd1 Rd8 23. Rxd8+ Kxd8 24. f3 Kd7 25. Kf2 Bd5 26. b3 g5 27. Ke3 f5 28. Kd3 Kc6 29. Be7 e4+ 30. Kd4 exf3 31. gxf3 h6 32. Ke5 f4 33. Bf8 g4 34. Kxf4 gxf3 35. Ke3 h5 36. Bb4 Kd7 37. Be1 Kd6 38. Bg3+ Kc5 39. Be5 b4 40. Bg7 Kb5 41. Bd4 Kc6 42. c4 bxc3 43. Bxc3 Kc5 44. Bd2 Bb7 45. Be1 Bc6 46. h3 Bb7 47. Bc3 Ba8 48. Kd3 Kc6 49. Bd2 1/2-1/2

[Event "LSS BI-2008-F-00012"]
[Site "LSS email"]
[Date "2009.03.02"]
[Round "?"]
[White "Pehl, Jozsef"]
[Black "Blair, Matthew"]
[Result "0-1"]
[WhiteElo "1592"]
[BlackElo "1733"]
[PlyCount "86"]
[EventDate "2009.03.03"]
[EventType "tourn (corr)"]
[EventRounds "10"]
[EventCountry "GER"]
[SourceTitle "Corr 2011"]
[Source "ChessBase"]
[SourceDate "2010.08.31"]
[SourceVersion "1"]
[SourceVersionDate "2010.08.31"]
[SourceQuality "1"]

1. e4 c5 2. Nf3 d6 3. d4 cxd4 4. Nxd4 Nf6 5. Nc3 a6 6. Bg5 e6 7. f4 Nbd7 8. f5 e5 9. Nf3 Be7 10. Bc4 0-0 11. Qd2 b5 12. Bxf6 Nxf6 13. Bd5 Rb8 14. a3 b4 15. axb4 Rxb4 16. b3 Nxd5 17. Qxd5 Bb7 18. Qd3 Qb6 19. Nd5 Bxd5 20. Qxd5 Rc8 21. Kd1 Rb5 22. Qd3 Qb7 23. Ke2 Rb4 24. Nd2 Rd4 25. Qxa6 Rxe4+ 26. Kd1 Qc7 27. Qxc8+ Qxc8 28. Nxe4 Qxf5 29. Ra8+ Bf8 30. Re1 d5 31. Ng3 Qg4+ 32. Re2 Qd4+ 33. Ke1 g6 34. Rd2 Qe3+ 35. Ne2 Qe4 36. Kf1 d4 37. Re8 Qc6 38. Rb8 Kg7 39. c4 Qe4 40. Ng3 Qf4+ 41. Ke1 Qe3+ 42. Ne2 d3 43. Rb5 e4 0-1

[Event "LSS SC-2008-0-00023"]
[Site "LSS email"]
[Date "2009.02.02"]
[Round "?"]
[White "Selmeczi, Jozsef"]
[Black "Pehl, Jozsef"]
[Result "0-1"]
[WhiteElo "1652"]
[BlackElo "1592"]
[PlyCount "104"]
[EventDate "2009.01.22"]
[EventType "tourn (corr)"]
[EventRounds "6"]
[EventCountry "GER"]
[SourceTitle "Corr 2011"]
[Source "ChessBase"]
[SourceDate "2010.08.31"]
[SourceVersion "1"]
[SourceVersionDate "2010.08.31"]
[SourceQuality "1"]

1. d4 Nf6 2. Nf3 d5 3. Bf4 Bf5 4. e3 Nbd7 5. Bd3 Bxd3 6. cxd3 Nh5 7. Bg3 Nxg3 8. hxg3 e6 9. Nc3 c6 10. a3 Bd6 11. e4 Qb6 12. Qc2 Rc8 13. 0-0 0-0 14. Na4 Qc7 15. Rfc1 Rfe8 16. e5 Be7 17. Qc3 Red8 18. b4 b6 19. Ra2 Qb7 20. Rac2 Qa6 21. Qb3 Qb5 22. Nb2 a5 23. a4 Qxb4 24. Qxb4 Bxb4 25. Rxc6 Rxc6 26. Rxc6 Kf8 27. Nd1 h6 28. Rc7 Ke7 29. g4 Rb8 30. g5 hxg5 31. Nxg5 b5 32. axb5 Rxb5 33. Nxf7 a4 34. Ng5 Ba5 35. Nc3 Rb3 36. Rxd7+ Kxd7 37. Nxa4 Bb4 38. Nb6+ Ke7 39. Nc8+ Ke8 40. Nf3 Kd7 41. Nd6 Rxd3 42. Kf1 Bxd6 43. Ke2 Rxf3 44. Kxf3 Bb4 45. Ke3 g5 46. Kf3 Kc6 47. Ke3 Kb5 48. Kd3 Be1 49. f3 Kb4 50. f4 gxf4 51. Ke2 Kc3 52. Kxe1 Kxd4 0-1

[Event "LSS SD-2008-0-00022"]
[Site "LSS email"]
[Date "2009.01.31"]
[Round "?"]
[White "Castellano, Antonio Jr"]
[Black "Pehl, Jozsef"]
[Result "0-1"]
[WhiteElo "1352"]
[BlackElo "1592"]
[PlyCount "74"]
[EventDate "2009.01.12"]
[EventType "tourn (corr)"]
[EventRounds "6"]
[EventCountry "GER"]
[SourceTitle "Corr 2011"]
[Source "ChessBase"]
[SourceDate "2010.08.31"]
[SourceVersion "1"]
[SourceVersionDate "2010.08.31"]
[SourceQuality "1"]

1. e4 c5 2. Nf3 d6 3. d4 cxd4 4. Nxd4 Nf6 5. Nc3 a6 6. Bg5 e6 7. Qd2 h6 8. Be3 Ng4 9. Be2 Nxe3 10. Qxe3 Be7 11. 0-0-0 0-0 12. f4 b5 13. h3 b4 14. Nb1 Qa5 15. Bc4 Bb7 16. g4 Nc6 17. Nxc6 Bxc6 18. h4 d5 19. exd5 exd5 20. Bb3 Rfe8 21. Qg3 Bd6 22. g5 Re4 23. Rhf1 Qc7 24. Nd2 Bxf4 25. Qf3 Rae8 26. gxh6 Bxh6 27. Kb1 Re2 28. Rf2 Re1 29. Ka1 a5 30. Nb1 R8e3 31. Rxe1 Rxf3 32. Rxf3 a4 33. Bxa4 Bxa4 34. c3 Qh2 35. Ref1 Bb5 36. R1f2 Qxh4 37. Rxf7 Bd3 0-1

[Event "LSS SC-2008-0-00023"]
[Site "LSS email"]
[Date "2009.01.30"]
[Round "?"]
[White "Pehl, Jozsef"]
[Black "Paetzold, Ortwin"]
[Result "0-1"]
[WhiteElo "1608"]
[BlackElo "1648"]
[PlyCount "92"]
[EventDate "2009.01.22"]
[EventType "tourn (corr)"]
[EventRounds "6"]
[EventCountry "GER"]
[SourceTitle "Corr 2011"]
[Source "ChessBase"]
[SourceDate "2010.08.31"]
[SourceVersion "1"]
[SourceVersionDate "2010.08.31"]
[SourceQuality "1"]

1. e4 e5 2. d4 exd4 3. f4 Nc6 4. Nf3 Bc5 5. a3 d5 6. exd5 Qxd5 7. b4 Bd6 8. b5 Nce7 9. Qxd4 Nf6 10. Nc3 Qxd4 11. Nxd4 Nf5 12. Nxf5 Bxf5 13. Bd3 Bxd3 14. cxd3 0-0-0 15. Kd1 Rhe8 16. Kc2 Ng4 17. Rf1 f5 18. d4 Ne3+ 19. Bxe3 Rxe3 20. Kd2 Rde8 21. g3 Kd7 22. Rab1 Bxa3 23. Rb3 Bd6 24. Ra1 Rf3 25. Rxa7 Rf2+ 26. Kd3 Rxh2 27. Nd5 Re1 28. Kc4 Rc2+ 29. Rc3 Rxc3+ 30. Nxc3 b6 31. Nd5 Rc1+ 32. Kd3 Ke6 33. Nc3 Rg1 34. Ne2 Rd1+ 35. Kc2 Rf1 36. Ra8 Be7 37. Re8 h6 38. Ra8 Rf3 39. Ra4 Re3 40. Kd2 Rb3 41. Rc4 Kd7 42. Nc3 Bb4 43. Kc2 Rxc3+ 44. Rxc3 Bxc3 45. Kxc3 Kd6 46. Kc4 c6 0-1

[Event "LSS RD-2008-0-00011"]
[Site "LSS email"]
[Date "2008.11.16"]
[Round "?"]
[White "Moman, Aaron"]
[Black "Pehl, Jozsef"]
[Result "1/2-1/2"]
[WhiteElo "1514"]
[BlackElo "1548"]
[PlyCount "31"]
[EventDate "2008.10.19"]
[EventType "tourn (corr)"]
[EventRounds "6"]
[EventCountry "GER"]
[SourceTitle "Corr 2013"]
[Source "ChessBase"]
[SourceDate "2012.11.12"]
[SourceVersion "1"]
[SourceVersionDate "2012.11.12"]
[SourceQuality "1"]

1. d4 d5 2. c4 dxc4 3. Nf3 Nf6 4. e3 e6 5. Bxc4 c5 6. 0-0 a6 7. dxc5 Qxd1 8. Rxd1 Bxc5 9. Ne5 Nbd7 10. Nxd7 Bxd7 11. b3 Ke7 12. Bb2 Rhd8 13. Nd2 Bc6 14. Nf3 Rac8 15. Rxd8 Rxd8 16. Rc1 1/2-1/2

[Event "LSS SC-2008-0-00018"]
[Site "LSS email"]
[Date "2008.11.03"]
[Round "?"]
[White "Pehl, Jozsef"]
[Black "Neytusch, Eduard"]
[Result "0-1"]
[WhiteElo "1536"]
[BlackElo "1732"]
[PlyCount "68"]
[EventDate "2008.10.02"]
[EventType "tourn (corr)"]
[EventRounds "6"]
[EventCountry "GER"]
[SourceTitle "Corr 2011"]
[Source "ChessBase"]
[SourceDate "2010.08.31"]
[SourceVersion "1"]
[SourceVersionDate "2010.08.31"]
[SourceQuality "1"]

1. e4 e6 2. d4 c5 3. d5 exd5 4. exd5 d6 5. Nf3 Nf6 6. Nc3 Be7 7. Be2 0-0 8. 0-0 b6 9. Re1 a6 10. a4 Bb7 11. Bc4 Re8 12. Bg5 Nbd7 13. Qd3 Nf8 14. Re2 h6 15. Bd2 Ng6 16. Rae1 Ng4 17. b3 Bc8 18. Ne4 Bd7 19. Qc3 b5 20. Bd3 Nf6 21. Bxh6 Rc8 22. axb5 axb5 23. Re3 Ra8 24. R1e2 b4 25. Qb2 gxh6 26. Nxf6+ Bxf6 27. Rxe8+ Bxe8 28. Rxe8+ Qxe8 29. Qxf6 Qe7 30. Qb2 Nf4 31. h3 Nxd3 32. cxd3 Qb7 33. Qc1 Qxd5 34. Qxh6 Qxd3 0-1